000 00884nam a22001817a 4500
999 _c62037
_d62037
003 Ge_BSU
005 20240626113648.0
008 240626s1991 ge ||||| |||| 00| 0 geo d
041 _ageo
080 _a615(075.8) თ-87
100 _aთურმანაული, გივი
_9616
245 _aფარმაკოლოგია :
_b[სახელმძღვანელო სამედ. ინ-ტის სტუდენტებისათვის]. ნაწ. 1 /
_c გივი თურმანაული; რედ. მერი მჭედლიშვილი.
264 _aთბილისი :
_bგულანი,
_c1991.
300 _a242 გვ.;
_b19 სმ.
653 _aფარმაკოლოგია
700 _aმჭედლიშვილი, მერი
_eრედაქტორი
_922589
942 _2udc
_cᲬᲘᲒᲜᲘ